Loading...
| History - Other | 4 | 1 | 0 | 1 | 70 | 35 | 59.40 | 1 | 2 | 0.00 | 0.00 |
| History - World | 0 | 6 | 0 | 2 | 60 | 74 | 109.67 | 1 | 4 | 0.00 | 0.00 |
| History - European | 3 | 0 | 2 | 0 | 35 | 53 | 64.00 | 0 | 3 | 0.00 | 0.00 |
| History - American | 1 | 1 | 0 | 0 | 25 | 48 | 65.00 | 0 | 2 | 0.00 | 0.00 |
| Current Events | 1 | 0 | 0 | 0 | 15 | 40 | 40.00 | 0 | 1 | 0.00 | 0.00 |
| History - Ancient | 1 | 0 | 0 | 0 | 15 | 64 | 64.00 | 0 | 0 | 0.00 | 0.00 |
| Religion | 1 | 0 | 0 | 0 | 15 | 44 | 44.00 | 1 | 1 | 0.00 | 0.00 |
| Mythology | 1 | 0 | 1 | 0 | 10 | 27 | 27.00 | 0 | 1 | 0.00 | 0.00 |
| Philosophy | 0 | 1 | 0 | 1 | 10 | 145 | 145.00 | 0 | 0 | 0.00 | 0.00 |
| Fine Arts - Painting and Sculpture | 0 | 1 | 1 | 0 | 5 | 110 | 110.00 | 0 | 0 | 0.00 | 0.00 |
| Geography | 0 | 1 | 1 | 0 | 5 | 104 | 104.00 | 0 | 1 | 0.00 | 0.00 |
| Social Science | 0 | 0 | 2 | 0 | -10 | 0.00 | 0 | 0 | 0.00 | 0.00 |